Science Quiz

Random Science or Anatomy Quiz

Skull - Lateral View Quiz Stats

 Plays Quiz not verified by Sporcle

Challenge
Share
Tweet
Score 0/40 Timer 10:00
0 Plays Today
Hint Answer % Correct
1Frontal bone
92.6%
9Temporal bone
84.7%
2Sphenoidal bone
79.3%
5Parietal bone
78.8%
17Occipital bone
77.8%
35Nasal bone
75.4%
4Coronal suture
73.4%
26Body of mandible
73.4%
37Lacrimal bone
68%
27Mental foramen
60.1%
38Orbital plate of ethmoid bone
60.1%
10Zygomatic process
57.1%
15Mastoid process
56.7%
16Lambdoid suture
51.7%
28Zygomatic arch
43.3%
33Infraorbital foramen
42.9%
24Mandibular ramus
39.9%
23Coronoid process
38.9%
40Supraorbital notch
37.9%
14External acoustic meatus
37.4%
Hint Answer % Correct
22Mandibular notch
27.6%
19External occipital protuberance
26.6%
29Temporal process
25.1%
31Alveolar process
25.1%
3Pterion
24.6%
39Glabella
24.6%
21Condylar process
21.7%
7Superior temporal line
19.7%
8Inferior temporal line
19.2%
6Temporal fossa
15.3%
32Anterior nasal spine
15.3%
36Fossa for lacrimal sac
14.8%
30Zygomaticofacial foramen
14.3%
18Sutural bone
13.8%
20Asterion
11.3%
25Oblique line
9.9%
34Frontal process
9.4%
11Articular tubercle
7.4%
13Supramastoid crest
5.4%
12Groove for posterior deep temporal artery
3.9%

You're not logged in!

Compare scores with friends on all Sporcle quizzes.
OR
Log In

You Might Also Like...

Show Comments

Extras

Created Dec 2, 2013ReportNominate
Tags:Anatomy Quiz, bones, cranium, skull

Top Quizzes Today


Score Distribution

Your Account Isn't Verified!

In order to create a playlist on Sporcle, you need to verify the email address you used during registration. Go to your Sporcle Settings to finish the process.

Report this User

Report this user for behavior that violates our Community Guidelines.

Details: